000 00425nam a2200181Ia 4500
001 23105
005 20260414150915.0
008 260414t1975||||xx |||||||||||||| ||spa||
041 _aESP
082 _a624.1834
_bP26
100 _aPark, R.
_eAUT
245 0 _aReinforced concrete structures
_b
260 _c1975
300 _axvii, 769 páginas :
_c24 cm.
650 _a0
654 _aCIC
942 _cLIB
_dJUS
_fJUS
_2ddc
_n
999 _c23105
_d23105